=LDR 00000nam 2200000 4500 =001 001126 =005 20250713054533 =035 ##$$a 0010-0725001010 =007 ta =008 250713################a##########0#ind## =020 ##$$a 978-623-307-433-9 =082 ##$$a 398. 209 598 =084 ##$$a 398. 209 598 RAM j =100 #$$a Ram, Praba =245 1#$$a Julurkan Lidahmu blablabla! /$c Praba Ram, Sheela Preuitt =250 ##$$a Cetakan Pertama =260 ##$$a Jakarta Timur :$b Badan Pengembangan dan Pembinaan Bahasa,$c 2024 =300 ##$$a 16 hlm. : $b Ilus. ; $c 29 cm =650 #4$$a Cerita anak Indonesia-Terjemahan =650 #4$$a Literasi-Bahan Bacaan =700 #$$a Preuitt, Sheela =990 ##$$a TBM202400673